<The> Economics of Wealth and Poverty

Salvato in:
Dettagli Bibliografici
Autore principale: Tullock, Gordon
Natura: Libro
Lingua:inglese
Pubblicazione: New York New York University Press 1986
Edizione:1. ed.
Soggetti:
Tags: Aggiungi Tag
Nessun Tag, puoi essere il primo ad aggiungerne!!

MARC

LEADER 00000nam a2200000 4500
001 c019680
005 20221207073514.1
020 |a 0-8147-8174-8 
041 0 |a eng 
044 |a US 
245 1 0 |a <The> Economics of Wealth and Poverty  |c Gordon Tullock 
250 |a 1. ed. 
264 1 |a New York  |b New York University Press  |c 1986 
300 |a 210 s. 
610 2 0 |a blahobyt 
610 2 0 |a chudoba 
610 2 0 |a rozdeľovanie 
610 2 0 |a dôchodky 
610 2 0 |a dôchodok národný 
100 1 |a Tullock, Gordon